LDR 00825naa#a2200169#i#450# 001 RU\INFRA-M\bibl\123235 005 20260513173732.3 011 ## _a2500-0527 100 ## _a20260427b2026####ek#y0rusy0150####ca 102 ## _aRU 200 1# _aК вопросу о финансово-правовом регулировании отношений в области несостоятельности (банкротства) _eЖурнальная статья 210 1# _aМосква _cОбщество с ограниченной ответственностью «Научно-издательский центр ИНФРА-М» _d2026 215 ## _a6 с. 608 ## _aЖурнальная статья _2local 675 ## _aОбязанность уплаты налогов. 342.743 _z 700 #1 _aСадчиков _gМ. Н. 856 4# _anaukaru.ru _u